The Matthew Henry study Bible : (Record no. 10156)

MARC details
000 -LEADER
fixed length control field 01148cam a2200301 a 4500
001 - CONTROL NUMBER
control field 3488032
003 - CONTROL NUMBER IDENTIFIER
control field GBCCL
005 - DATE AND TIME OF LATEST TRANSACTION
control field 20241126110726.0
008 - FIXED-LENGTH DATA ELEMENTS--GENERAL INFORMATION
fixed length control field 940715s1994 ohub 000 0 eng
010 ## -
-- 94031596
020 ## - INTERNATIONAL STANDARD BOOK NUMBER
International Standard Book Number 0529102536 (hardcover)
020 ## - INTERNATIONAL STANDARD BOOK NUMBER
International Standard Book Number 0529102579 (black bond leather)
020 ## - INTERNATIONAL STANDARD BOOK NUMBER
International Standard Book Number 9781598563405
040 ## - CATALOGING SOURCE
Original cataloging agency DLC
Transcribing agency DLC
Modifying agency DLC
050 00 -
-- BS185 1994
-- .W47 1994
082 00 - DEWEY DECIMAL CLASSIFICATION NUMBER
Classification number 220.52034
Edition information 20
Item number MAT
130 0# -
-- Bible.
-- English.
-- Authorized.
-- 1994.
-- 17615
245 14 - TITLE STATEMENT
Title The Matthew Henry study Bible :
Remainder of title King James Version /
Statement of responsibility, etc. A. Kenneth Abraham, general editor.
260 ## - PUBLICATION, DISTRIBUTION, ETC.
Place of publication, distribution, etc. Peabody :
Name of publisher, distributor, etc. Hendrickson publishers,
Date of publication, distribution, etc. 2020, c1994.
300 ## - PHYSICAL DESCRIPTION
Extent 2322 p. :
Other physical details col. maps ;
Dimensions 24 cm.
630 00 - SUBJECT ADDED ENTRY--UNIFORM TITLE
Uniform title Bible
General subdivision Commentaries.
9 (RLIN) 1243
700 1# - ADDED ENTRY--PERSONAL NAME
Personal name Abraham, A. Kenneth.
9 (RLIN) 17616
700 12 - ADDED ENTRY--PERSONAL NAME
Personal name Henry, Matthew,
Dates associated with a name 1662-1714.
Title of a work Commentary on the whole Bible.
9 (RLIN) 17617
856 42 - ELECTRONIC LOCATION AND ACCESS
Materials specified Publisher description
Uniform Resource Identifier <a href="http://www.loc.gov/catdir/enhancements/fy0632/94031596-d.html">http://www.loc.gov/catdir/enhancements/fy0632/94031596-d.html</a>
906 ## - LOCAL DATA ELEMENT F, LDF (RLIN)
a 7
b cbc
c orignew
d 1
e ocip
f 19
g y-gencatlg
942 ## - ADDED ENTRY ELEMENTS (KOHA)
Source of classification or shelving scheme Dewey Decimal Classification
Koha item type Reference Books
Holdings
Withdrawn status Lost status Source of classification or shelving scheme Damaged status Not for loan Home library Current Library Shelving location Date acquired Total checkouts Full call number Barcode Date last seen Copy number Price effective from Koha item type
    Dewey Decimal Classification     GRACE BIBLE COLLEGE GRACE BIBLE COLLEGE Bible 2024-03-26   220.52034 MAT 016690 2025-05-09 c.1 2024-03-26 Reference Books
© Grace Bible College Library 2025